| 000 | 00876nam a2200217 a 4500 | ||
|---|---|---|---|
| 020 | _a3528020474 | ||
| 040 | _cDJBF | ||
| 082 | 0 | 0 | _a338 FRI 1988 A079 Or. |
| 245 | 1 | 0 |
_aAnimal power in farming systems : _bthe proceedings of the Second West Africa Animal Traction Networkshop, held September 19-25, 1986, Freetown, Sierra Leone / |
| 260 |
_aBraunschweig, [West Germany] : _bFriedr. Vieweg and Sohn, _c1988. |
||
| 300 |
_a363 p. : _bill., maps ; _c24 cm. |
||
| 500 | _aEnglish and French. | ||
| 500 | _a"A publication of Deutsches Zentrum für Entwicklungstechnologien - GATE, in: Deutsche Gesellschaft für Technische Zusammenarbeit (GTZ) GmbH." | ||
| 650 | 0 | _aDraft animals | |
| 650 | 0 | _aAnimal traction | |
| 650 | 0 | _aAgricultural systems | |
| 700 | 1 | _aStarkey, Paul. | |
| 700 | 1 | _aNdiamé, Fedel. | |
| 710 | 2 | _aGerman Appropriate Technology Exchange. | |
| 942 | _cFB | ||
| 999 |
_c16055 _d16055 |
||